000 00279nam a22001337a 4500
008 170508b xxu||||| |||| 00| 0 eng d
020 _a9781422422465
041 _aeng
080 _a34
100 _a15
101 _aSHJ
245 _aEVIDENCE
_cMITCHELL.J.B
942 _2udc
_cBK
999 _c13030
_d13030